000 01164nam a2200217Ia 4500
003 Ost
005 20260507075309.0
008 260507s9999||||xx |||||||||||||| ||und||
040 _cfsecg
041 _aara
082 _a330
100 _aالحناوي، محمد
_eمؤلف
245 0 _aمبادئ و أساسيات الاستثمار /
_c محمد الحناوي
260 _aالاسكندرية:
_bالمكتب الجامعي الحديث,
_c[دون تاريخ]
520 _aمقدمة في أساسيات الاستثمار ، شراء و بيع الاوراق النالية ، التحليل المالي للأسهم العادية و تحليل السندات ، أساسيات التحليل الفني ، الاستثمار في أسواق المال العالمية و الاستثمار على الانترنيت ، نموذج تسعير الاصول الرأسمالية ، نظرية تسعير المراجعة و حقوق الاختييار.
653 _aالإستثمار
653 _aالأسهم
653 _aالأسواق المالية
700 _aفريد مصطفى، نهال
_eمؤلف ثانوي
942 _cكتاب
999 _c43843
_d43843